| 000 | 00840nam a2200253Ia 4500 | ||
|---|---|---|---|
| 003 | OSt | ||
| 005 | 20221005111639.0 | ||
| 006 | a|||||r|||| 00| 0 | ||
| 007 | ta | ||
| 008 | 221004b |||||||| |||| 00| 0 hin d | ||
| 024 | _a31545 | ||
| 037 | _cTextual | ||
| 040 |
_aCRL _cCRL _bhin |
||
| 041 |
_2hin _ahin |
||
| 082 | _aP1523v, L2 | ||
| 100 | _aचौधरी, अनन्त | ||
| 245 | 0 | _aहिन्दी व्याकरण का इतिहास | |
| 246 | _aHindī vyākaraṇ kā itihāsa | ||
| 260 |
_aपटना _bबिहार हिन्दी ग्रन्थ अकादमी भारत _c1972 |
||
| 300 |
_a703पृ. _ccm. |
||
| 650 | _aभाषाशास्त्र | ||
| 942 |
_hP1523v, L2 _cTEXL _2cc |
||
| 999 |
_c1022445 _d1022445 |
||